[Event "2. Bundesliga West 2009/20010"]
[Site "Jenbach"]
[Date "2009.10.23"]
[Round "1"]
[Board "1"]
[White "Blaskowski, Johannes"]
[Black "Reich, Thomas"]
[Result "1-0"]
[WhiteElo "2332"]
[BlackElo "2368"]
[PlyCount "61"]
[EventDate "2009.10.23"]
[EventType "team"]
[EventRounds "11"]
[EventCountry "AUT"]
[WhiteTeam "Hypo Kufstein"]
[BlackTeam "Sparkasse Jenbach II"]

1.e4 c5 2.Nf3 Nc6 3.d4 cxd4 4.Nxd4 g6 5.Nc3 Bg7 6.Be3 Nf6 7.Bc4 O-O 8.Bb3 a5
9.f3 d5 10.Bxd5 Nxd5 11.exd5 Nb4 12.Ndb5 Bf5 13.Rc1 Rc8 14.a3 Qd7 15.axb4 axb4
16.g4 bxc3 17.Nxc3 Bxc3+ 18.bxc3 Rxc3 19.Qd2 Rfc8 20.gxf5 Qxf5 21.O-O Rxc2
22.Rxc2 Rxc2 23.Qd4 Qh3 24.Bd2 f6 25.d6 Qd7 26.Qe3 e6 27.Qd4 Kf7 28.Bc3 e5
29.Qd3 Ra2 30.Qd5+ Qe6 31.Qxb7+

[Event "2. Bundesliga West 2009/20010"]
[Site "Jenbach"]
[Date "2009.10.23"]
[Round "1"]
[Board "2"]
[White "Deglmann, Ludwig"]
[Black "Astl, Peter"]
[Result "1/2-1/2"]
[WhiteElo "2329"]
[BlackElo "2248"]
[PlyCount "80"]
[EventDate "2009.10.23"]
[EventType "team"]
[EventRounds "11"]
[EventCountry "AUT"]
[WhiteTeam "Sparkasse Jenbach II"]
[BlackTeam "Hypo Kufstein"]

1.g3 d5 2.Nf3 c6 3.Bg2 Nf6 4.O-O h6 5.d3 Bf5 6.c4 e6 7.Nc3 dxc4 8.dxc4 Qxd1
9.Rxd1 Nbd7 10.Bf4 Be7 11.Bd6 Bxd6 12.Rxd6 Ke7 13.Rd2 Rhd8 14.Nd4 Ne5 15.b3 Bh7
16.Rad1 Rac8 17.h3 Ned7 18.Kf1 Nc5 19.b4 Nce4 20.Nxe4 Nxe4 21.Bxe4 Bxe4 22.f3
Bg6 23.Ke1 f6 24.c5 e5 25.Nb3 Bf7 26.Rxd8 Rxd8 27.Na5 Rb8 28.a3 Be6 29.h4 Bd7
30.Rd6 Kd8 31.Kd2 Kc7 32.Kc3 b6 33.Nb3 Re8 34.Rd1 Be6 35.cxb6+ axb6 36.a4 Ra8
37.Ra1 Bxb3 38.Kxb3 Rd8 39.Kc3 Kb7 40.h5 Ka6

[Event "2. Bundesliga West 2009/20010"]
[Site "Jenbach"]
[Date "2009.10.23"]
[Round "1"]
[Board "3"]
[White "Maurer, Jochen"]
[Black "Micheli, Carlo"]
[Result "1-0"]
[WhiteElo "2212"]
[BlackElo "2293"]
[PlyCount "111"]
[EventDate "2009.10.23"]
[EventType "team"]
[EventRounds "11"]
[EventCountry "AUT"]
[WhiteTeam "Hypo Kufstein"]
[BlackTeam "Sparkasse Jenbach II"]

1.e4 d6 2.d4 Nf6 3.Nc3 c6 4.Bg5 Qb6 5.Qd2 Qxb2 6.Rb1 Qa3 7.f4 e6 8.Rb3 Qa5 9.Nf3
d5 10.e5 Nfd7 11.Bd3 b5 12.f5 Nb6 13.O-O Na4 14.fxe6 Bxe6 15.Nxa4 Qxd2 16.Nxd2
bxa4 17.Rb7 Nd7 18.c4 Be7 19.Bxe7 Kxe7 20.c5 Rab8 21.Rfb1 Rxb7 22.Rxb7 Rb8
23.Rxb8 Nxb8 24.Bc2 a3 25.Nb1 Na6 26.Nxa3 Nb4 27.Bb1 f6 28.exf6+ Kxf6 29.Nc2 Nd3
30.Ne3 Nf4 31.Kf2 h5 32.Kf3 g5 33.g3 Nh3 34.Bc2 Bd7 35.Ba4 g4+ 36.Ke2 Ke7 37.Ng2
Ng1+ 38.Ke3 Nf3 39.Nf4 Be8 40.h4 Nh2 41.Nd3 Kd8 42.Ne5 Kc7 43.Kf2 Kb7 44.Kg2 Nf3
45.Nxf3 gxf3+ 46.Kxf3 Ka6 47.a3 Ka5 48.Bb3 Bd7 49.Kf4 Bg4 50.Ke5 Kb5 51.Bc2 Be2
52.Bg6 a5 53.Be8 Bf3 54.Bd7 Ka4 55.Bxc6+ Kxa3 56.Bxd5

[Event "2. Bundesliga West 2009/20010"]
[Site "Jenbach"]
[Date "2009.10.23"]
[Round "1"]
[Board "4"]
[White "Kleissl, Helmut"]
[Black "Rusche, Johannes"]
[Result "1-0"]
[WhiteElo "2271"]
[BlackElo "2170"]
[PlyCount "71"]
[EventDate "2009.10.23"]
[EventType "team"]
[EventRounds "11"]
[EventCountry "AUT"]
[WhiteTeam "Sparkasse Jenbach II"]
[BlackTeam "Hypo Kufstein"]

1.Nf3 c5 2.c4 g6 3.d4 Bg7 4.Nc3 cxd4 5.Nxd4 Nc6 6.Nc2 d6 7.g3 Ne5 8.Ne3 Bd7
9.Bg2 Bc6 10.f3 Nf6 11.O-O O-O 12.Bd2 Rc8 13.Kh1 Qc7 14.Rc1 b6 15.Ncd5 Qb7
16.Nb4 Bd7 17.Qb3 e6 18.Bc3 Rfd8 19.f4 Nc6 20.g4 a5 21.Nd3 Qb8 22.g5 Nh5 23.Bxg7
Nxg7 24.Ng4 Nd4 25.Qc3 Nxe2 26.Qf6 Nxc1 27.Rxc1 Be8 28.f5 Nxf5 29.Nh6+ Kf8
30.Nf4 Ng7 31.Rf1 Qc7 32.Qxg6 Qxc4 33.Qxh7 Qxf1+ 34.Bxf1 Rc1 35.Ng6+ fxg6
36.Qg8+

[Event "2. Bundesliga West 2009/20010"]
[Site "Jenbach"]
[Date "2009.10.23"]
[Round "1"]
[Board "5"]
[White "Berchtenbreiter, Maximilian"]
[Black "Meier, Alexander"]
[Result "1-0"]
[WhiteElo "2143"]
[BlackElo "2146"]
[PlyCount "81"]
[EventDate "2009.10.23"]
[EventType "team"]
[EventRounds "11"]
[EventCountry "AUT"]
[WhiteTeam "Hypo Kufstein"]
[BlackTeam "Sparkasse Jenbach II"]

1.e4 g6 2.d4 Bg7 3.Nc3 d6 4.Be2 a6 5.a4 Nc6 6.Be3 Nf6 7.h3 O-O 8.Nf3 e5 9.O-O
Re8 10.dxe5 dxe5 11.Bc4 Be6 12.Bxe6 Rxe6 13.Bg5 Nd4 14.Nd5 c6 15.Nxf6+ Bxf6
16.Be3 b5 17.c3 Nxf3+ 18.Qxf3 Qe8 19.Rfd1 Rd8 20.Rxd8 Qxd8 21.axb5 cxb5 22.Qd1
Rd6 23.Qc1 a5 24.Kh2 h5 25.Qf1 b4 26.cxb4 axb4 27.Qc4 Bg5 28.Ra7 Be7 29.Qxb4 Re6
30.Qa5 Qd3 31.Qd5 Qxd5 32.exd5 Rd6 33.Rxe7 Rxd5 34.Re8+ Kg7 35.Rxe5 Rxe5 36.Bd4
f6 37.Bxe5 fxe5 38.Kg3 Kf6 39.Kf3 Kf5 40.Ke3 g5 41.b4

[Event "2. Bundesliga West 2009/20010"]
[Site "Jenbach"]
[Date "2009.10.23"]
[Round "1"]
[Board "6"]
[White "Schnegg, Daniel"]
[Black "Kranewitter, Norbert"]
[Result "1-0"]
[WhiteElo "2092"]
[BlackElo "2076"]
[PlyCount "93"]
[EventDate "2009.10.23"]
[EventType "team"]
[EventRounds "11"]
[EventCountry "AUT"]
[WhiteTeam "Sparkasse Jenbach II"]
[BlackTeam "Hypo Kufstein"]

1.e4 c6 2.d4 d5 3.e5 c5 4.dxc5 e6 5.Nf3 Bxc5 6.Bd3 Ne7 7.O-O Qc7 8.a3 Ng6 9.b4
Bb6 10.Bb2 O-O 11.Qd2 Nc6 12.Re1 Bd7 13.h4 d4 14.Qg5 Ncxe5 15.Nxe5 f6 16.Qh5
fxe5 17.Nd2 Bc6 18.f3 e4 19.Nxe4 Rf5 20.Ng5 Nf8 21.Qg4 Rf4 22.Nxe6 Nxe6 23.Qxe6+
Kh8 24.Qe7 Qxe7 25.Rxe7 Bd8 26.Re5 Bxh4 27.Bc1 Rf7 28.Rh5 g5 29.Bxg5 Bxg5
30.Rxg5 Re8 31.Kf2 a6 32.Rh1 Rc7 33.Rh4 Ba4 34.Rc5 Rxc5 35.Rxh7+ Kg8 36.bxc5 Re5
37.Rxb7 Rxc5 38.Rb4 Bxc2 39.Rc4 Rxc4 40.Bxc4+ Kg7 41.Bxa6 Kf6 42.Bb5 Ke5 43.a4
Bb3 44.a5 Bd5 45.Bd3 Kd6 46.a6 Kc7 47.Be4

[Event "2. Bundesliga West 2009/20010"]
[Site "Jenbach"]
[Date "2009.10.23"]
[Round "1"]
[Board "1"]
[White "Dizdar, Goran"]
[Black "Bertagnolli, Alexander"]
[Result "1-0"]
[WhiteElo "2563"]
[BlackElo "2332"]
[PlyCount "189"]
[EventDate "2009.10.23"]
[EventType "team"]
[EventRounds "11"]
[EventCountry "AUT"]
[WhiteTeam "SC Absam"]
[BlackTeam "Rochade Rum"]

1.d4 Nf6 2.c4 e5 3.dxe5 Ng4 4.Nf3 Bc5 5.e3 Nc6 6.Be2 O-O 7.O-O Re8 8.b3 Ngxe5
9.Bb2 Nxf3+ 10.gxf3 Qh4 11.Kh1 Re6 12.Rg1 Qxf2 13.Rxg7+ Kf8 14.Nc3 Bxe3 15.Rg2
Qh4 16.Nd5 Bd4 17.Bxd4 Qxd4 18.Nxc7 Qxd1+ 19.Rxd1 Rb8 20.Nxe6+ dxe6 21.Bd3 Bd7
22.Bxh7 Ke7 23.Be4 Rh8 24.Rgd2 Be8 25.Re1 Rh5 26.Kg1 Na5 27.Bc2 Bc6 28.Be4 Be8
29.f4 Rh4 30.Rf2 Bc6 31.Kg2 f5 32.Bd5 Rh6 33.Rfe2 Bd7 34.Re3 Kd6 35.Bf3 Rg6+
36.Kf2 Rh6 37.Kg3 Rg6+ 38.Kf2 Rh6 39.Rd1+ Ke7 40.Kg3 Rg6+ 41.Kf2 Rh6 42.Rh1 Nc6
43.h4 Kf6 44.Rd1 Ke7 45.Kg3 Be8 46.c5 Rh8 47.Rd6 Rh6 48.Re2 Rg6+ 49.Kh3 Rh6
50.Rg2 Rh7 51.Rg8 Nd8 52.Rd2 e5 53.fxe5 Ne6 54.Bxb7 Nxc5 55.Bd5 Bd7 56.Kg3 Be6
57.Rg6 f4+ 58.Kxf4 Rxh4+ 59.Kg5 Re4 60.Bxe6 Nxe6+ 61.Rxe6+ Kxe6 62.Rd6+ Kxe5
63.Ra6 Re2 64.Ra5+ Kd4 65.Rxa7 Rf2 66.a4 Kc5 67.Rb7 Kc6 68.Rb4 Kc5 69.Rb8 Kc6
70.Kg4 Kc7 71.Rb5 Kc6 72.Rb8 Kc7 73.Rb4 Kc6 74.Rf4 Rb2 75.b4 Ra2 76.b5+ Kb7
77.Kf5 Ra1 78.Ke5 Rd1 79.a5 Ra1 80.Rf7+ Ka8 81.Kd6 Rd1+ 82.Kc6 Rc1+ 83.Kb6 Rc8
84.Ka6 Rh8 85.Rg7 Kb8 86.Re7 Ka8 87.b6 Kb8 88.Re6 Rf8 89.Rh6 Rg8 90.Rd6 Rh8
91.Rf6 Rg8 92.b7 Re8 93.Rc6 Rh8 94.Kb6 Rh6 95.a6

[Event "2. Bundesliga West 2009/20010"]
[Site "Jenbach"]
[Date "2009.10.23"]
[Round "1"]
[Board "2"]
[White "Gatterer, Florian"]
[Black "Rotstein, Arkadij"]
[Result "1/2-1/2"]
[WhiteElo "2323"]
[BlackElo "2534"]
[PlyCount "123"]
[EventDate "2009.10.23"]
[EventType "team"]
[EventRounds "11"]
[EventCountry "AUT"]
[WhiteTeam "Rochade Rum"]
[BlackTeam "SC Absam"]

1.e4 c5 2.Nf3 e6 3.d4 cxd4 4.Nxd4 Nc6 5.Nc3 Qc7 6.Be3 a6 7.Qd2 Nf6 8.O-O-O Be7
9.f3 h5 10.Kb1 b5 11.Nb3 Ne5 12.Qd4 d6 13.Qb6 Qxb6 14.Bxb6 b4 15.Ne2 O-O 16.Nf4
Bd7 17.Ba5 Nc6 18.Bc7 g5 19.Nh3 Ne8 20.Bb6 a5 21.Be3 f6 22.Nf2 Ng7 23.Bb5 Rfb8
24.Nd4 Rc8 25.Bxc6 Bxc6 26.Nxc6 Rxc6 27.h4 gxh4 28.Rxh4 Rac8 29.Rd2 f5 30.Rh1 h4
31.Nh3 fxe4 32.fxe4 Rc4 33.Bg5 Bf8 34.Nf2 R8c5 35.Bxh4 Rh5 36.g4 Rh7 37.Rdd1 e5
38.Bf6 Ne6 39.g5 Rxh1 40.Rxh1 Bg7 41.Rd1 Nd4 42.Rd3 Bxf6 43.gxf6 Kf7 44.c3 bxc3
45.bxc3 Nb5 46.Kb2 Kxf6 47.a4 Rxa4 48.Rd5 Nc7 49.Rxd6+ Ke7 50.Rh6 Ne6 51.Rh7+
Kd6 52.Ra7 Nc5 53.Ra8 Kd7 54.Ra7+ Kc6 55.Re7 Nxe4 56.Nd3 Kd6 57.Rxe5 Nf2 58.Kb3
Ra1 59.Re3 Nd1 60.Re1 a4+ 61.Kc2 a3 62.Nb4

[Event "2. Bundesliga West 2009/20010"]
[Site "Jenbach"]
[Date "2009.10.23"]
[Round "1"]
[Board "3"]
[White "Duer, Werner"]
[Black "Eybl, Alexander"]
[Result "1/2-1/2"]
[WhiteElo "2250"]
[BlackElo "2259"]
[PlyCount "69"]
[EventDate "2009.10.23"]
[EventType "team"]
[EventRounds "11"]
[EventCountry "AUT"]
[WhiteTeam "SC Absam"]
[BlackTeam "Rochade Rum"]

1.Nf3 Nf6 2.d4 g6 3.c3 Bg7 4.Bg5 h6 5.Bh4 d6 6.Nbd2 g5 7.Bg3 Nh5 8.e4 Nxg3
9.hxg3 e6 10.Bd3 Qe7 11.Qe2 Nd7 12.O-O-O a6 13.Kb1 b6 14.Nc4 Bb7 15.Ne3 b5 16.d5
Nc5 17.Bc2 O-O-O 18.Nd4 Bxd4 19.cxd4 Nd7 20.dxe6 fxe6 21.g4 Nb6 22.f3 Kb8 23.Bb3
Qf6 24.d5 exd5 25.Bxd5 Rde8 26.Bxb7 Kxb7 27.Nd5 Nxd5 28.Rxd5 Re5 29.Qd3 Rxd5
30.Qxd5+ c6 31.Qd2 Qe5 32.Rd1 Rd8 33.Rh1 Rh8 34.Rd1 Rd8 35.Rh1

[Event "2. Bundesliga West 2009/20010"]
[Site "Jenbach"]
[Date "2009.10.23"]
[Round "1"]
[Board "4"]
[White "Hengl, Christian"]
[Black "Gerhold, Michael"]
[Result "1/2-1/2"]
[WhiteElo "2225"]
[BlackElo "2241"]
[PlyCount "62"]
[EventDate "2009.10.23"]
[EventType "team"]
[EventRounds "11"]
[EventCountry "AUT"]
[WhiteTeam "Rochade Rum"]
[BlackTeam "SC Absam"]

1.e4 c5 2.Nc3 e6 3.f4 d5 4.Bb5+ Bd7 5.Qe2 dxe4 6.Nxe4 Bxb5 7.Qxb5+ Qd7 8.Qxd7+
Nxd7 9.d3 Be7 10.Nf3 Ngf6 11.Nxf6+ Bxf6 12.O-O O-O 13.c3 Nb6 14.Be3 Rac8 15.Rad1
Rfd8 16.Kf2 Na4 17.Rd2 Rd5 18.Rfd1 h5 19.g3 g6 20.h3 b5 21.g4 hxg4 22.hxg4 a6
23.d4 c4 24.Rc2 Nb6 25.Nd2 Rdd8 26.Ne4 Be7 27.Rh1 Nd5 28.Kf3 Kg7 29.Rch2 Rh8
30.Bd2 Rxh2 31.Rxh2 Rh8

[Event "2. Bundesliga West 2009/20010"]
[Site "Jenbach"]
[Date "2009.10.23"]
[Round "1"]
[Board "5"]
[White "Embacher, Gregor"]
[Black "Jedinger, Andreas"]
[Result "0-1"]
[WhiteElo "2149"]
[BlackElo "2170"]
[PlyCount "50"]
[EventDate "2009.10.23"]
[EventType "team"]
[EventRounds "11"]
[EventCountry "AUT"]
[WhiteTeam "SC Absam"]
[BlackTeam "Rochade Rum"]

1.Nf3 d5 2.c4 c6 3.d4 Nf6 4.cxd5 cxd5 5.Nc3 Nc6 6.Bf4 Qb6 7.Qb3 Qxb3 8.axb3 Bf5
9.e3 e6 10.Bb5 Nd7 11.Kd2 a5 12.Ne1 Bb4 13.Nd3 Ke7 14.f3 Rhc8 15.Rhe1 Na7
16.Bxd7 Kxd7 17.e4 dxe4 18.fxe4 Bg6 19.Nxb4 axb4 20.Na4 Kc6 21.Rec1+ Kb5 22.Bc7
b6 23.Ke3 Nc6 24.Bg3 Na5 25.Rxc8 Rxc8

[Event "2. Bundesliga West 2009/20010"]
[Site "Jenbach"]
[Date "2009.10.23"]
[Round "1"]
[Board "6"]
[White "Muehlbacher, Bernhard"]
[Black "Natter, Siegfried"]
[Result "0-1"]
[WhiteElo "2156"]
[BlackElo "2262"]
[PlyCount "124"]
[EventDate "2009.10.23"]
[EventType "team"]
[EventRounds "11"]
[EventCountry "AUT"]
[WhiteTeam "Rochade Rum"]
[BlackTeam "SC Absam"]

1.c4 e5 2.g3 d6 3.Bg2 Nc6 4.Nc3 Be6 5.Nd5 Qc8 6.e4 Nd4 7.h3 c6 8.Ne3 g6 9.d3 Bg7
10.Ne2 Ne7 11.Nc2 Nxc2+ 12.Qxc2 O-O 13.Be3 f5 14.f3 c5 15.g4 fxe4 16.dxe4 Nc6
17.O-O Nd4 18.Qd3 Rf7 19.b3 Qf8 20.Bd2 a6 21.a4 Rb8 22.Rab1 Bf6 23.Nxd4 cxd4
24.g5 Be7 25.Rf2 Qc8 26.f4 exf4 27.Bxf4 Qc5 28.h4 b5 29.cxb5 axb5 30.axb5 Rxb5
31.Bf1 Rb8 32.Bg3 Bf8 33.Rxf7 Bxf7 34.b4 Rxb4 35.Rxb4 Qxb4 36.e5 dxe5 37.Bxe5
Bg7 38.Bxg7 Kxg7 39.Qa6 Qe7 40.Qe2 Qc5 41.Qf2 Qe5 42.Bd3 Bd5 43.Kf1 Be6 44.Qf3
Bd5 45.Qf2 h6 46.gxh6+ Kxh6 47.Qf8+ Kh7 48.Qf2 Kg7 49.h5 gxh5 50.Qg1+ Kf8 51.Qg6
Bf7 52.Qh6+ Ke7 53.Qh7 Qf4+ 54.Kg1 Kd6 55.Bf5 Ke7 56.Kg2 Kf6 57.Be4 Ke5 58.Bf3
h4 59.Qg7+ Qf6 60.Qg4 Bg6 61.Kg1 Bf5 62.Qg8 Qg6+

[Event "2. Bundesliga West 2009/20010"]
[Site "Bregenz"]
[Date "2009.10.23"]
[Round "1"]
[Board "1"]
[White "Drabke, Lorenz"]
[Black "Froewis, Georg"]
[Result "1-0"]
[WhiteElo "2455"]
[BlackElo "2220"]
[PlyCount "69"]
[EventDate "2009.10.23"]
[EventType "team"]
[EventRounds "11"]
[EventCountry "AUT"]
[WhiteTeam "Dornbirn"]
[BlackTeam "Hohenems II"]

1.e4 e6 2.d3 d5 3.Nd2 Nf6 4.Ngf3 c5 5.g3 Nc6 6.Bg2 Be7 7.O-O Qc7 8.Re1 b6 9.c3
Bb7 10.Qe2 h6 11.a3 g5 12.exd5 Nxd5 13.d4 O-O-O 14.dxc5 Bxc5 15.b4 Be7 16.Bb2
Bf6 17.Ne4 Bg7 18.c4 Bxb2 19.Qxb2 Nde7 20.c5 Kb8 21.Nd6 Nd5 22.b5 Na5 23.Ne5
Rhf8 24.Nxb7 Kxb7 25.c6+ Kc8 26.Nd7 Rfe8 27.Bxd5 exd5 28.Qf6 Nb3 29.Qf5 Nd4
30.Nxb6+ Kb8 31.Nd7+ Qxd7 32.Qxd7 Rxe1+ 33.Rxe1 Nf3+ 34.Kf1 Rxd7 35.cxd7

[Event "2. Bundesliga West 2009/20010"]
[Site "Bregenz"]
[Date "2009.10.23"]
[Round "1"]
[Board "2"]
[White "Novkovic, Milan"]
[Black "Szakolczai, Peter"]
[Result "1-0"]
[WhiteElo "2393"]
[BlackElo "2275"]
[PlyCount "111"]
[EventDate "2009.10.23"]
[EventType "team"]
[EventRounds "11"]
[EventCountry "AUT"]
[WhiteTeam "Hohenems II"]
[BlackTeam "Dornbirn"]

1.c4 Nf6 2.Nc3 c5 3.Nf3 e6 4.d4 cxd4 5.Nxd4 a6 6.a3 Qc7 7.e4 b6 8.Be3 Bb7 9.f3
d6 10.Rc1 Nbd7 11.Be2 Be7 12.O-O O-O 13.b4 Rac8 14.Na4 Qb8 15.Kh1 Rfe8 16.Qb3
Bd8 17.Bg1 Nh5 18.Rfd1 Nf4 19.Bf1 h5 20.Ne2 Ng6 21.Rc2 Nge5 22.Nd4 Qa8 23.Rdc1
Bg5 24.Be3 Be7 25.Be2 h4 26.h3 g6 27.Bf1 Rc7 28.f4 Nc6 29.Nf3 Qa7 30.Bf2 Ba8
31.Qe3 Rb8 32.Bxh4 Bxh4 33.Nxh4 Nf6 34.Nc3 Ne7 35.Nf3 Kg7 36.Ng5 Qb7 37.Qd4 Nc6
38.Qf2 Rh8 39.Rd2 Rd7 40.Kg1 Qb8 41.Rcd1 Rhd8 42.Qe3 Qc7 43.Na4 Rb8 44.c5 bxc5
45.bxc5 dxc5 46.Nxc5 Rxd2 47.Rxd2 Qa5 48.Rd1 Rb2 49.Rc1 Ra2 50.a4 Qb4 51.Bxa6
Qb2 52.Bf1 Ra3 53.Rc2 Qa1 54.Qd2 Nh5 55.Ncxe6+ Kg8 56.Qd6

[Event "2. Bundesliga West 2009/20010"]
[Site "Bregenz"]
[Date "2009.10.23"]
[Round "1"]
[Board "3"]
[White "Novkovic, Julia"]
[Black "Amann, Guenter"]
[Result "0-1"]
[WhiteElo "2116"]
[BlackElo "2293"]
[PlyCount "76"]
[EventDate "2009.10.23"]
[EventType "team"]
[EventRounds "11"]
[EventCountry "AUT"]
[WhiteTeam "Dornbirn"]
[BlackTeam "Hohenems II"]

1.e4 e6 2.d4 d5 3.exd5 exd5 4.Bd3 Nc6 5.c3 Bd6 6.Qf3 Nf6 7.Bg5 Bg4 8.Bxf6 Bxf3
9.Bxd8 Bxg2 10.Bg5 Bxh1 11.Nd2 Bxh2 12.Kf1 f6 13.Be3 Bxg1 14.Kxg1 Be4 15.Nxe4
dxe4 16.Bxe4 Ne7 17.Bxb7 Rb8 18.Ba6 Rxb2 19.Bc4 Kd7 20.Bd3 g5 21.Bc1 Rbb8 22.Ba3
h5 23.Bc5 a5 24.Re1 Rhe8 25.a4 Nd5 26.Bf5+ Kc6 27.Rc1 Nf4 28.Kf1 Rb2 29.Ba7 Ree2
30.d5+ Kxd5 31.Be3 Ke5 32.Bc8 Rxf2+ 33.Bxf2 Rxf2+ 34.Kg1 Ne2+ 35.Kxf2 Nxc1
36.Ke3 f5 37.Ba6 f4+ 38.Kf2 Na2

[Event "2. Bundesliga West 2009/20010"]
[Site "Bregenz"]
[Date "2009.10.23"]
[Round "1"]
[Board "4"]
[White "Atlas, Dimitry"]
[Black "Mrsic, Robert"]
[Result "1-0"]
[WhiteElo "2330"]
[BlackElo "2143"]
[PlyCount "65"]
[EventDate "2009.10.23"]
[EventType "team"]
[EventRounds "11"]
[EventCountry "AUT"]
[WhiteTeam "Hohenems II"]
[BlackTeam "Dornbirn"]

1.e4 e5 2.Bc4 Nc6 3.Nf3 Be7 4.O-O Nf6 5.Re1 O-O 6.d4 exd4 7.e5 Ne8 8.Nxd4 Nxd4
9.Qxd4 d6 10.Bf4 Bf5 11.Nc3 c6 12.exd6 Nxd6 13.Bb3 Nc8 14.Qe5 Bg6 15.Rad1 Qb6
16.Be3 Qa6 17.Qc7 Bf5 18.Qe5 Bg4 19.f3 Bf6 20.Qe4 Bh5 21.Bc5 Nb6 22.Bxf8 Rxf8
23.Qb4 Bg6 24.a4 h5 25.a5 Nc8 26.Rd7 b5 27.Ne4 Bxe4 28.Rxe4 c5 29.Qxc5 Qxa5
30.Bxf7+ Rxf7 31.Re8+ Rf8 32.Rxf8+ Kh7 33.Qxh5#

[Event "2. Bundesliga West 2009/20010"]
[Site "Bregenz"]
[Date "2009.10.23"]
[Round "1"]
[Board "5"]
[White "Kanonier, Clemens"]
[Black "Feistenauer, Fred"]
[Result "1-0"]
[WhiteElo "2100"]
[BlackElo "2241"]
[PlyCount "49"]
[EventDate "2009.10.23"]
[EventType "team"]
[EventRounds "11"]
[EventCountry "AUT"]
[WhiteTeam "Dornbirn"]
[BlackTeam "Hohenems II"]

1.e4 d5 2.exd5 Nf6 3.d4 Bg4 4.Nf3 Qxd5 5.Be2 Nc6 6.Be3 O-O-O 7.Nbd2 Qf5 8.c4 e5
9.d5 Nb4 10.Rc1 e4 11.Nd4 Qg6 12.O-O Bd6 13.f3 exf3 14.N2xf3 Rhe8 15.c5 Nfxd5
16.cxd6 Nxe3 17.dxc7 Nxd1 18.cxd8=Q+ Kxd8 19.Rfxd1 Bxf3 20.Nc6+ Kc7 21.Ne7+ Kb8
22.Nxg6 Bxe2 23.Rd2 hxg6 24.Re1 Nxa2 25.Rexe2

[Event "2. Bundesliga West 2009/20010"]
[Site "Bregenz"]
[Date "2009.10.23"]
[Round "1"]
[Board "6"]
[White "Levy, Pascal"]
[Black "Ruescher, Christian"]
[Result "0-1"]
[WhiteElo "2071"]
[BlackElo "1984"]
[PlyCount "73"]
[EventDate "2009.10.23"]
[EventType "team"]
[EventRounds "11"]
[EventCountry "AUT"]
[WhiteTeam "Hohenems II"]
[BlackTeam "Dornbirn"]

1.d4 Nf6 2.c4 e5 3.dxe5 Ng4 4.Nf3 Nc6 5.Nc3 Bc5 6.e3 Ngxe5 7.Nxe5 Nxe5 8.Be2 O-O
9.b3 d6 10.O-O Bd7 11.Bb2 Re8 12.Ne4 Bb6 13.Rc1 Qh4 14.c5 Qxe4 15.cxb6 Bc6
16.Bf3 Nxf3+ 17.Qxf3 Qxf3 18.gxf3 axb6 19.a3 Re6 20.e4 d5 21.exd5 Bxd5 22.Rc3
Rae8 23.Rd1 c6 24.Kf1 h6 25.a4 Rg6 26.Bc1 Re5 27.Rd4 Rf5 28.Rdd3 Rgf6 29.Kg2 g5
30.Kg3 h5 31.b4 Kg7 32.h4 gxh4+ 33.Kxh4 Rg6 34.Be3 Rg1 35.Kh3 Rh1+ 36.Kg2 Bxf3+
37.Kg3

[Event "2. Bundesliga West 2009/20010"]
[Site "Bregenz"]
[Date "2009.10.23"]
[Round "1"]
[Board "1"]
[White "Weindl, Alfred"]
[Black "Dobosz, Henryk"]
[Result "0-1"]
[WhiteElo "2353"]
[BlackElo "2404"]
[PlyCount "46"]
[EventDate "2009.10.23"]
[EventType "team"]
[EventRounds "11"]
[EventCountry "AUT"]
[WhiteTeam "Bregenz"]
[BlackTeam "Goetzis"]

1.Nf3 d5 2.g3 Bg4 3.Bg2 Nd7 4.c4 e6 5.O-O Ngf6 6.cxd5 exd5 7.d3 Bc5 8.Nbd2 O-O
9.h3 Bh5 10.Nb3 Bb6 11.a4 a5 12.g4 Bg6 13.Nbd4 Re8 14.Bf4 c6 15.Rc1 Nc5 16.Ne5
Nxd3 17.Nxg6 Nxc1 18.Bxc1 hxg6 19.e3 Ne4 20.f3 Ng5 21.Re1 Qd6 22.h4 Bxd4 23.exd4
Nxf3+

[Event "2. Bundesliga West 2009/20010"]
[Site "Bregenz"]
[Date "2009.10.23"]
[Round "1"]
[Board "2"]
[White "Eisenbeiser, Amadeus"]
[Black "Bezler, Rainer"]
[Result "1/2-1/2"]
[WhiteElo "2390"]
[BlackElo "2292"]
[PlyCount "72"]
[EventDate "2009.10.23"]
[EventType "team"]
[EventRounds "11"]
[EventCountry "AUT"]
[WhiteTeam "Goetzis"]
[BlackTeam "Bregenz"]

1.e4 e5 2.Nf3 Nc6 3.Bc4 Bc5 4.c3 Qe7 5.O-O d6 6.d4 Bb6 7.d5 Nb8 8.Bd3 c6 9.c4
Nf6 10.Nc3 O-O 11.a3 Bg4 12.h3 Bh5 13.g4 Bg6 14.Nh4 Nbd7 15.Nf5 Bxf5 16.gxf5 Kh8
17.Qf3 Rg8 18.Kh2 g5 19.Rg1 h6 20.Bd2 Rg7 21.Rg3 Rag8 22.Rag1 h5 23.Bxg5 Rxg5
24.Rxg5 Rxg5 25.Rxg5 Ng4+ 26.Rxg4 hxg4 27.hxg4 Qg5 28.Be2 Nf6 29.Nd1 Qd2 30.Kg2
Kg7 31.Qd3 Qf4 32.Qf3 Qd2 33.dxc6 bxc6 34.Qd3 Qf4 35.Qf3 Qd2 36.Qd3 Qf4

[Event "2. Bundesliga West 2009/20010"]
[Site "Bregenz"]
[Date "2009.10.23"]
[Round "1"]
[Board "3"]
[White "Hugentobler, Patrick"]
[Black "Schmidlechner, Alexander"]
[Result "0-1"]
[WhiteElo "2253"]
[BlackElo "2190"]
[PlyCount "68"]
[EventDate "2009.10.23"]
[EventType "team"]
[EventRounds "11"]
[EventCountry "AUT"]
[WhiteTeam "Bregenz"]
[BlackTeam "Goetzis"]

1.e4 c5 2.Nf3 a6 3.c4 Nc6 4.d4 cxd4 5.Nxd4 Nf6 6.Nc3 e5 7.Nc2 Bc5 8.Be2 O-O
9.O-O d6 10.a3 Be6 11.Bg5 h6 12.Bxf6 Qxf6 13.Qd3 Nd4 14.Ne3 Qg5 15.Ncd5 Rac8
16.Rac1 g6 17.Rc3 f5 18.exf5 gxf5 19.f4 Qh4 20.Kh1 Kh8 21.b4 Ba7 22.Rcc1 Rg8
23.Nc2 Bxd5 24.cxd5 Rc3 25.Qd2 Rgc8 26.Nxd4 Bxd4 27.Rxc3 Rxc3 28.Bd3 Qf6 29.fxe5
Bxe5 30.Rxf5 Qg7 31.Qf2 Rxd3 32.Rf8+ Kh7 33.Qf5+ Qg6 34.Rf7+ Bg7

[Event "2. Bundesliga West 2009/20010"]
[Site "Bregenz"]
[Date "2009.10.23"]
[Round "1"]
[Board "4"]
[White "Scheffknecht, Philipp"]
[Black "Mira, Helene"]
[Result "1/2-1/2"]
[WhiteElo "2163"]
[BlackElo "2108"]
[PlyCount "70"]
[EventDate "2009.10.23"]
[EventType "team"]
[EventRounds "11"]
[EventCountry "AUT"]
[WhiteTeam "Goetzis"]
[BlackTeam "Bregenz"]

1.d4 Nf6 2.Nf3 e6 3.c4 b6 4.g3 Bb7 5.Bg2 Bb4+ 6.Bd2 Qe7 7.a3 Bxd2+ 8.Qxd2 O-O
9.Qc2 c5 10.dxc5 [10.d5 exd5 11.Nh4 d6 12.Nf5 Qd7 13.O-O g6] 10...bxc5 11.O-O
Be4 12.Qa4 Nc6 13.Rd1 [13.Nc3 Rab8 14.Nxe4 Nxe4 15.Ne5 Nxe5 16.Bxe4 Rxb2]
13...Rab8 14.Rd2 Bxf3 15.exf3 Nd4 16.b4 d6 17.Nc3 [17.f4 e5] 17...Nd7 [17...e5]
18.Nb5 [18.Rdd1 Nb6 19.Qa6] 18...Nb6 [18...Nxb5 19.cxb5 Nb6 20.Qd1 cxb4 21.Rxd6
bxa3 22.Bf1 (22.Rxa3 Nc4 23.Rxe6) 22...Rfd8] 19.Qd1 Nxc4 20.Nxd4 cxd4 [20...Nxd2
21.Nc6 Qf6 22.Nxb8 Rxb8 23.Ra2 (23.Rc1 Qd4 24.Rc2 Nb3) 23...Nc4 24.Bf1 d5]
21.Rxd4 d5 22.Bf1 Nb6 23.f4 Rfc8 24.Ba6 Rc3 25.Qd2 Qc7 26.a4 Nd7 27.f5 Nf6
28.fxe6 fxe6 29.Re1 e5 30.Rxd5 Rc2 31.Qd3 Nxd5 32.Qxd5+ Kh8 33.Qxe5 [33.Rxe5 Rb2
34.Bd3 Rf8 35.Rf5 Qc1+ 36.Kg2 Qc8] 33...h6 34.Bd3 Qxe5 35.Rxe5 Rc7

[Event "2. Bundesliga West 2009/20010"]
[Site "Bregenz"]
[Date "2009.10.23"]
[Round "1"]
[Board "5"]
[White "Juen, Leopold"]
[Black "Kranz, Armin"]
[Result "1/2-1/2"]
[WhiteElo "1991"]
[BlackElo "2111"]
[PlyCount "110"]
[EventDate "2009.10.23"]
[EventType "team"]
[EventRounds "11"]
[EventCountry "AUT"]
[WhiteTeam "Bregenz"]
[BlackTeam "Goetzis"]

1.e4 e5 2.Nf3 Nf6 3.d4 Nxe4 4.Bd3 d5 5.Nxe5 Nd7 6.Nxd7 Bxd7 7.O-O Bd6 8.Re1 O-O
9.c4 Bxh2+ 10.Kxh2 Qh4+ 11.Kg1 Qxf2+ 12.Kh2 Qh4+ 13.Kg1 Nf2 14.Bxh7+ Kxh7
15.Qc2+ Ne4 16.Rf1 c6 17.Rf4 Qe1+ 18.Rf1 Qh4 19.Rf4 Qh5 20.Nc3 Rfe8 21.Bd2 Re7
22.Raf1 Kg8 23.Nxe4 dxe4 24.Bb4 Re6 25.Rf5 Qg6 26.Qf2 e3 27.Qh4 e2 28.R1f3 e1=Q+
29.Bxe1 Rxe1+ 30.Qxe1 Bxf5 31.Qe5 Bg4 32.Re3 f5 33.Qc7 Re8 34.Rxe8+ Qxe8 35.Qxb7
Qe3+ 36.Kh1 Qe4 37.Qb8+ Kh7 38.Qh2+ Kg6 39.Qd6+ Kg5 40.Qd8+ Kf4 41.Kh2 Ke3 42.d5
cxd5 43.cxd5 Qf4+ 44.Kg1 Qf2+ 45.Kh2 f4 46.Qe7+ Kd3 47.Qxg7 Qg3+ 48.Kh1 f3
49.Qc3+ Ke4 50.Qc4+ Kf5 51.Qc8+ Ke4 52.Qc4+ Ke3 53.Qc3+ Ke2 54.Qc2+ Kf1 55.Qd3+
Ke1